| 000 | 00691nam a22002057a 4500 | ||
|---|---|---|---|
| 999 |
_c11868 _d11868 |
||
| 003 | AR-CdUCM | ||
| 008 | 190405b ||||| |||| 00| 0 spa d | ||
| 040 |
_aMUNICIPALIDAD PROVINCIAL DEL CUSCO _cBIBLIOTECA MUNICIPAL DEL CUSCO |
||
| 082 |
_a346 / _bC832 / 1956 |
||
| 100 |
_aCorvetto Vargas, Aníbal _929447 |
||
| 245 | _aManual elemental de derecho civil peruano / | ||
| 260 |
_aLima : _bLumen, _c1956. |
||
| 300 |
_a586, LIX páginas ; _c22 cm. |
||
| 500 | _aLibro en mal estado. | ||
| 505 | _aContenido: t.2. Derecho de sucesiones -- Derecho reales -- Acto juridico ... | ||
| 650 |
_aPerú. _935 |
||
| 650 |
_aDerecho civil _97386 |
||
| 942 |
_2ddc _cLIBROS |
||
| 945 |
_acmm _d2019-04-05 |
||